Państwa z wieloma stolicami - Statystyki

Ogólne statystyki
  • Ten quiz został rozwiązany 10 razy
  • Średni wynik to 9 z 16
Statystyki odpowiedzi
Państwo Stolica Znaczenie stolicy % Poprawnych
Holandia Amsterdam Oficjalna stolica
100%
Boliwia La Paz Wykonawcza stolica
100%
Republika Południowej Afryki Kapsztad Ustawodawcza stolica
88%
Malezja Kuala Lumpur Ustawodawcza & Konstytucjonalna stolica
88%
Boliwia Sucre Konstytucjonalna stolica
88%
Indie Brytyjskie (1858 - 1947) Nowe Delhi Administracyjna stolica
75%
Republika Południowej Afryki Pretoria Administracyjna stolica
75%
Indie Brytyjskie (1858 - 1947) Kolkata Administracyjna stolica
63%
Sri Lanka Kolombo Wykonawcza stolica
63%
Republika Południowej Afryki Bloemfontein Sądowa stolica
50%
Eswatini Mbabane Administracyjna stolica
50%
Sri Lanka Sri Dźajawardanapura Kotte Ustawodawcza stolica
50%
Eswatini Lobamba Ustawodawcza & królewska stolica
13%
Malezja Putrajaya Administracyjna stolica
13%
Holandia The Hague Ustawodawcza stolica
13%
Indie Brytyjskie (1858 - 1947) Shilma Letnia stolica
0%
Nie znaleziono quizów pasujących do podanych kryteriów
Rozkład punktacji
Procent ludzi z każdym wynikiem
Percentyl według liczby udzielonych odpowiedzi
Twoja historia wyników
Nie rozwiązałeś tego quizu